Discurso en el Ayuntamiento de Barcelona pronunciado el 18 de julio de 1938 : (Record no. 192953)
[ view plain ]
| 000 -LEADER | |
|---|---|
| campo de control de longitud fija | 01420nim a2200361 i 4500 |
| 001 - NÚMERO DE CONTROL | |
| campo de control | 192953 |
| 003 - IDENTIFICADOR DE NÚMERO DE CONTROL | |
| campo de control | ES-MaREB |
| 005 - FECHA Y HORA DE LA ÚLTIMA TRANSACCIÓN | |
| campo de control | 20240615063033.0 |
| 007 - CAMPO FIJO DE DESCRIPCIÓN FÍSICA--INFORMACIÓN GENERAL | |
| campo de control de longitud fija | sd fsngnnmmned |
| 008 - DATOS DE LONGITUD FIJA--INFORMACIÓN GENERAL | |
| campo de control de longitud fija | 230712s2007 espnn g l spa d |
| 017 ## - NÚMERO DE COPYRIGHT O DE DEPÓSITO LEGAL | |
| Número de copyright o de depósito legal | M 47877-2007 |
| 035 ## - NÚMERO DE CONTROL DEL SISTEMA | |
| Número de control de sistema | ES-MaREB01010060-4 |
| 040 ## - FUENTE DE CATALOGACIÓN | |
| Lengua de catalogación | spa |
| Centro/agencia transcriptor | ES-MaACL |
| 080 ## - NÚMERO DE LA CLASIFICACIÓN DECIMAL UNIVERSAL | |
| Número de la Clasificación Decimal Universal | 081 Azaña, Manuel |
| 080 ## - NÚMERO DE LA CLASIFICACIÓN DECIMAL UNIVERSAL | |
| Número de la Clasificación Decimal Universal | 94(460)"18/19" |
| 100 1# - ENTRADA PRINCIPAL--NOMBRE DE PERSONA | |
| Nombre de persona | Azaña, Manuel, |
| Fechas asociadas al nombre | 1880-1940 |
| 9 (RLIN) | 24223 |
| Término indicativo de función/relación | Autor |
| 245 10 - MENCIÓN DEL TÍTULO | |
| Título | Discurso en el Ayuntamiento de Barcelona pronunciado el 18 de julio de 1938 : |
| Resto del título | Paz, piedad y perdón |
| Medio | [Grabación sonora] / |
| Mención de responsabilidad, etc. | Manuel Azaña. |
| 246 ## - FORMA VARIANTE DEL TITULO | |
| Título propio/Titulo breve | Paz, piedad y perdón |
| 260 ## - PUBLICACIÓN, DISTRIBUCIÓN, ETC. | |
| Lugar de publicación, distribución, etc. | [Madrid : |
| Nombre del editor, distribuidor, etc. | Sociedad Estatal de Conmemoraciones Culturales, |
| Fecha de publicación, distribución, etc. | 2007] |
| 300 ## - DESCRIPCIÓN FÍSICA | |
| Extensión | 1 disco (CD-DA) (74 min) + |
| Material acompañante/anejo | Folleto (22 p.) con la transcripción del discurso |
| 500 ## - NOTA GENERAL | |
| Nota general | Grabación original |
| 500 ## - NOTA GENERAL | |
| Nota general | Con la colaboración de Radio Nacional de España |
| 600 #0 - PUNTO DE ACCESO ADICIONAL DE MATERIA--NOMBRE DE PERSONA | |
| Nombre de persona | Azaña, Manuel, |
| Fechas asociadas al nombre | 1880-1940- |
| Subdivisión de forma | Discursos |
| 9 (RLIN) | 233672 |
| 600 14 - PUNTO DE ACCESO ADICIONAL DE MATERIA--NOMBRE DE PERSONA | |
| Nombre de persona | Azaña, Manuel, |
| Fechas asociadas al nombre | 1880-1940 |
| Subdivisión general | Pensamiento político |
| 9 (RLIN) | 24227 |
| 651 #4 - PUNTO DE ACCESO ADICIONAL DE MATERIA--NOMBRE GEOGRÁFICO | |
| Nombre geográfico | España- |
| Subdivisión general | Historia- |
| Subdivisión cronológica | 1931-1939, II República |
| 9 (RLIN) | 8283 |
| 740 3# - ENTRADA AGREGADA--TÍTULO RELACIONADO/ANALÍTICO NO CONTROLADO | |
| Título relacionado o analítico no controlado | La voz de Manuel Azaña |
| 852 ## - LOCALIZACIÓN | |
| Ubicación | ES-MaACL |
| Número de control de estantería | ROT 6/3/14 |
| itemnumber | 203482 |
| Ubicación en estantería | Rotativo |
| 852 ## - LOCALIZACIÓN | |
| Ubicación | ES-MaACL |
| Número de control de estantería | ROT 2/6/2 |
| Ubicación en estantería | Rotativo |
| itemnumber | 188744 |
| 852 ## - LOCALIZACIÓN | |
| Ubicación | ES-MaACL |
| Número de control de estantería | 1964-F-17 |
| Ubicación en estantería | Depósito folletos |
| itemnumber | 188745 |
| 852 ## - LOCALIZACIÓN | |
| Ubicación | ES-MaACL |
| Número de control de estantería | FOLL.DB-4 |
| Ubicación en estantería | Despachos-biblioteca |
| itemnumber | 203488 |
| 942 ## - ELEMENTOS DE ENTRADA SECUNDARIOS (KOHA) | |
| Fuente del sistema de clasificación o colocación | Clasificación decimal universal |
| Tipo de ítem Koha | Archivo de ordenador en CD-ROM, CD o disquete |
| Suprimir en OPAC | No |
| Estatus retirado | Estado de pérdida | Fuente del sistema de clasificación o colocación | Estado de daño | No para préstamo | Biblioteca de origen | Biblioteca actual | Ubicación en estantería | Fecha de adquisición | Número de control de estantería | Total de préstamos | Signatura topográfica completa | Código de barras | Visto por última vez | Tipo de ítem Koha | Colección | Fuente de adquisición | Precio de reemplazo |
|---|---|---|---|---|---|---|---|---|---|---|---|---|---|---|---|---|---|
| Clasificación decimal universal | Biblioteca del Ateneo de Madrid | Biblioteca del Ateneo de Madrid | Rotativo | 16/04/2013 | 1 | ROT 2/6/2 | 1191093 | 23/02/2023 | Archivo de ordenador en CD-ROM, CD o disquete | ||||||||
| Clasificación decimal universal | Biblioteca del Ateneo de Madrid | Biblioteca del Ateneo de Madrid | Depósito folletos | 16/04/2013 | 1 | 1964-F-17 | 1191092 | 23/02/2023 | Folleto | Colección de folletos | |||||||
| Clasificación decimal universal | Biblioteca del Ateneo de Madrid | Biblioteca del Ateneo de Madrid | Rotativo | 13/06/2024 | ROT 6/3/14 | 101228506 | 13/06/2024 | Archivo de ordenador en CD-ROM, CD o disquete | 13/06/2024 | ||||||||
| Clasificación decimal universal | Biblioteca del Ateneo de Madrid | Biblioteca del Ateneo de Madrid | Despachos-biblioteca | 13/06/2024 | FOLL.DB-4 | 101228505 | 13/06/2024 | Folleto | Colección de folletos | 13/06/2024 |
